000
00294nam a2200121Ia 4500
008
190216s9999||||xx |||||||||||||| ||und||
100
_a
Arjun Satpathy
245
0
_a
Hindi- Patati Hui Khai
260
_b
Sabnam Pusthaka Mahal
_c
1997
300
_a
104
650
_a
Hindi Literature
942
_c
BK
999
_c
16103
_d
16103